Central Library OPAC University of Rajshahi

বাংলাদেশের স্বাধীনতা : (Record no. 20692)

MARC details
000 -LEADER
fixed length control field 01476ntm a2200253 4500
001 - CONTROL NUMBER
control field 20692
003 - CONTROL NUMBER IDENTIFIER
rucl marc code BD-RjUL
005 - DATE AND TIME OF LATEST TRANSACTION
control field 20211209000610.0
008 - FIXED-LENGTH DATA ELEMENTS--GENERAL INFORMATION
fixed length control field 140302s2013 bg a|||| mb|| 00| 0 ben d
035 ## - SYSTEM CONTROL NUMBER
System control number (BD-RjUL)20754
040 ## - CATALOGING SOURCE
Original cataloging agency BD-RjUL
Language of cataloging ben
Transcribing agency BD-RjUL
Modifying agency BD-RjUL
041 ## - LANGUAGE CODE
Language code of text/sound track or separate title ben
082 0# - DEWEY DECIMAL CLASSIFICATION NUMBER
Edition number 21
Classification number 954.9205
Author mark and year SAB 2013
100 ## - MAIN ENTRY--PERSONAL NAME
Personal name সাইয়িদ, মো. আবু
9 (RLIN) 63855
245 ## - TITLE STATEMENT
Title বাংলাদেশের স্বাধীনতা :
Remainder of title কূটনৈতিক যুদ্ধ /
Statement of responsibility, etc. মো. আবু সাইয়িদ ;
Linkage তত্ত্বাবধায়ক : মো. মাহবুবর রহমান.
260 ## - PUBLICATION, DISTRIBUTION, ETC. (IMPRINT)
Place of publication, distribution, etc. রাজশাহী :
Name of publisher, distributor, etc. ইতিহাস বিভাগ, রাজশাহী বিশ্ববিদ্যালয়,
Date of publication, distribution, etc. ২০১৩
300 ## - PHYSICAL DESCRIPTION
Pagination xiii, ৪৫৬ পাতা :
Illustrations চিত্র ;
Size ২৯ সেমি.
502 ## - DISSERTATION NOTE
Dissertation note থিসিস (পিএইচ. ডি.) --ইতিহাস বিভাগ, রাজশাহী বিশ্ববিদ্যালয়, ২০১৩.
504 ## - BIBLIOGRAPHY, ETC. NOTE
Bibliography, etc গ্রন্থপঞ্জি : পাতা ৪৪৮-৪৫৬
650 ## - SUBJECT ADDED ENTRY--TOPICAL TERM
Topical term or geographic name as entry element বাংলাদেশ
Form subdivision কূটনৈতিক ইতিহাস
General subdivision মুক্তিযুদ্ধ
9 (RLIN) 63856
Topical term or geographic name as entry element Bangladesh
Form subdivision Diplomatic History
General subdivision liberation war
9 (RLIN) 63857
700 ## - ADDED ENTRY--PERSONAL NAME
Personal name রহমান, মো. মাহবুবর, তত্ত্বাবধায়ক
942 ## - ADDED ENTRY ELEMENTS (KOHA)
Source of classification or shelving scheme Dewey Decimal Classification
Koha item type Theses
Holdings
Lost status Source of classification or shelving scheme Damaged status Not for loan Collection code Permanent Location Current Location Shelving location Date acquired Source of acquisition Cost, normal purchase price Total Checkouts Full call number Date last seen Copy number Koha item type
  Dewey Decimal Classification   Not For Loan Theses Central Library, University of Rajshahi Central Library, University of Rajshahi Documentation Section 28/10/2013 Controller of Examination Office, University of Rajshahi, Rajshahi. 0.00   BTHE 954.9205 SAB 2013 02/03/2014 C-1 Theses